000 00330nam a2200133Ia 4500
008 210210b1969 xxu||||| |||| 00| 0 eng d
082 _a155.2 OBRC
100 _aO'BRIEN (John A).
245 _aCharacter formation.
260 _aAllahabad
_bSt. Paul Publications.
_c1969
300 _a72
690 _aPsychology
906 _a029148
999 _c80374
_d80374